Dibujando el cosmos. Los orígenes de la ciencia, la astronomía y la medición del tiempo.
Gespeichert in:
| 1. Verfasser: | |
|---|---|
| Format: | Unbekannt |
| Veröffentlicht: |
Santiago, Chile:
Planeta Chilena, S.A.,
2021.
|
| Ausgabe: | 2ª edición. |
| Schlagworte: | |
| Tags: |
Tag hinzufügen
Keine Tags, Fügen Sie den ersten Tag hinzu!
|
MARC
| LEADER | 00000 a2200000 4500 | ||
|---|---|---|---|
| 003 | CL-VaPUC | ||
| 005 | 20250226123405.0 | ||
| 008 | 221007t2021 ||||| |||| 00| 0 eng d | ||
| 999 | |c 438713 |d 438711 | ||
| 020 | |a 978-956-360-953-0 | ||
| 040 | |c Pontificia Universidad Católica de Valparaíso | ||
| 082 | 7 | |a 523.1 MAZ 2021 |2 22 | |
| 100 | |a Maza Sancho, José María |9 876587 |e autor | ||
| 245 | |a Dibujando el cosmos. |b Los orígenes de la ciencia, la astronomía y la medición del tiempo. | ||
| 250 | |a 2ª edición. | ||
| 260 | |a Santiago, Chile: |b Planeta Chilena, S.A., |c 2021. | ||
| 300 | |a 126 páginas. | ||
| 583 | |k GC |c 20221007 | ||
| 650 | 0 | |a Origen de la vida |9 262152 | |
| 650 | 0 | |a Astronomía |9 260985 | |
| 650 | |a Cosmología |9 269138 | ||
| 942 | |2 ddc |c BK | ||
| 952 | |0 0 |1 0 |2 ddc |4 0 |6 523_100000000000000_MAZ_2021 |7 0 |8 A |9 587138 |a BIBENE |b BIBENE |c GEN |d 2022-10-07 |e 3 |g 13413.00 |i 5655066 |l 3 |m 2 |o 523.1 MAZ 2021 |p 5655066 |r 2025-03-14 |s 2025-03-11 |t 1 |v 13413.00 |w 2022-10-07 |y BK |k ICO | ||